[Event "Wch FIDE Online U12 Girls Asia qual"]
[Site "Tornelo INT"]
[Date "2020.12.12"]
[Round "4"]
[White "Mrittika, Mallick"]
[Black "Anupam, M Sreekumar"]
[Result "1-0"]
[WhiteElo "1690"]
[BlackElo "1798"]
[PlyCount "85"]
[EventDate "2020.12.11"]
[EventType "swiss (rapid)"]
[EventRounds "7"]
[EventCountry "ISS"]
[SourceTitle "EXT 2022"]
[Source "ChessBase"]
[SourceDate "2021.10.06"]
[SourceVersion "1"]
[SourceVersionDate "2021.10.06"]
[SourceQuality "1"]

1. e4 e5 2. Nf3 Nc6 3. Bc4 Bc5 4. c3 Nf6 5. d3 a6 6. 0-0 d6 7. a4 0-0 8. Nbd2 Re8 9. Re1 h6 10. Nf1 Be6 11. Bb3 Bxb3 12. Qxb3 d5 13. Ng3 dxe4 14. dxe4 Na5 15. Qc2 Nc4 16. b3 Nd6 17. h3 a5 18. Bd2 Qe7 19. b4 axb4 20. cxb4 Ba7 21. Rac1 c6 22. Bc3 Nc4 23. Nf5 Qe6 24. Ba1 b5 25. a5 c5 26. Nd2 Nxd2 27. Qxd2 Rad8 28. Qe3 Qa6 29. bxc5 Qxa5 30. Qg3 g6 31. Nxh6+ Kg7 32. Bxe5 Rxe5 33. Qxe5 Bb8 34. Qg5 Nh7 35. Qe3 b4 36. Ng4 Qc7 37. e5 Re8 38. Qh6+ Kg8 39. g3 Qc6 40. Nf6+ Nxf6 41. exf6 Rxe1+ 42. Rxe1 Qxf6 43. Re8# 1-0